00346nam a2200133 a 45000010010000000030011000100080041000210350026000620820014000881000019001022450033001212600040001546500018001940000-9275ELIB.Books110520 1973  a(ELIB.Books)0000-9427 a225 bPer aPerrin, Norman aWhat is Redaction Criticism? bPhiladelphia: Fortress Press c1973 aNew Testament